Travels in Asia and Africa, 1325-1354 / (Record no. 590156)

000 -LEADER
fixed length control field 01635cam a22003857i 4500
001 - CONTROL NUMBER
control field 3955771
003 - CONTROL NUMBER IDENTIFIER
control field NUST
005 - DATE AND TIME OF LATEST TRANSACTION
control field 20231202201825.0
007 - PHYSICAL DESCRIPTION FIXED FIELD--GENERAL INFORMATION
fixed length control field hd|afa---baca
007 - PHYSICAL DESCRIPTION FIXED FIELD--GENERAL INFORMATION
fixed length control field hd|bfa---baaa
008 - FIXED-LENGTH DATA ELEMENTS--GENERAL INFORMATION
fixed length control field 930422s1929 nyuabf a 000 0 eng
010 ## - LIBRARY OF CONGRESS CONTROL NUMBER
LC control number 93627100
038 ## - RECORD CONTENT LICENSOR
Staff Name Arshad
040 ## - CATALOGING SOURCE
Original cataloging agency DLC
Transcribing agency DLC
Modifying agency DLC
050 00 - LIBRARY OF CONGRESS CALL NUMBER
Classification number Microfilm 93/4534 (G)
082 ## - DEWEY DECIMAL CLASSIFICATION NUMBER
Classification number 916.0421
Author Mark IBN
100 1# - MAIN ENTRY--PERSONAL NAME
Personal name Ibn Batuta,
Dates associated with a name 1304-1377.
9 (RLIN) 92061
240 10 - UNIFORM TITLE
Uniform title Tuḥfat al-nuẓẓār fī gharāʼib al-amṣār wa-ʻajāʼib al-asfār.
Form subheading Selections.
Language of a work English
245 10 - TITLE STATEMENT
Title Travels in Asia and Africa, 1325-1354 /
Statement of responsibility, etc. Ibn Battúta ; translated and selected by H.A.R. Gibb, with an introduction and notes.
260 ## - PUBLICATION, DISTRIBUTION, ETC.
Place of publication, distribution, etc. New York :
Name of publisher, distributor, etc. R.M. McBride,
Date of publication, distribution, etc. 1929.
300 ## - PHYSICAL DESCRIPTION
Extent vii, 398 p., [8] leaves of plates :
Other physical details ill., maps ;
Dimensions 23 cm.
490 0# - SERIES STATEMENT
Series statement The Argonaut Series
500 ## - GENERAL NOTE
General note At head of title: Ibn Battúta.
500 ## - GENERAL NOTE
General note Call number of original: G490.I2 1929a.
500 ## - GENERAL NOTE
General note Master microform held by: DLC.
533 ## - REPRODUCTION NOTE
Type of reproduction Microfilm.
Place of reproduction Washington, D.C. :
Agency responsible for reproduction Library of Congress Preservation Microfilming Program :
-- Available from Library of Congress Photoduplication Service,
Date of reproduction 1993.
Physical description of reproduction 1 microfilm reel ; 35 mm.
600 10 - SUBJECT ADDED ENTRY--PERSONAL NAME
Personal name Ibn Batuta,
Dates associated with a name 1304-1377
General subdivision Travel.
9 (RLIN) 92062
651 #0 - SUBJECT ADDED ENTRY--GEOGRAPHIC NAME
Geographic name Asia
General subdivision Description and travel
Form subdivision Early works to 1800.
9 (RLIN) 92063
651 #0 - SUBJECT ADDED ENTRY--GEOGRAPHIC NAME
Geographic name Africa
General subdivision Description and travel
Form subdivision Early works to 1800.
9 (RLIN) 92064
700 1# - ADDED ENTRY--PERSONAL NAME
Personal name Gibb, H. A. R.
Fuller form of name (Hamilton Alexander Rosskeen),
Dates associated with a name 1895-1971.
9 (RLIN) 92065
776 1# - ADDITIONAL PHYSICAL FORM ENTRY
Qualifying information Original
Record control number (DLC) 30011038
906 ## - LOCAL DATA ELEMENT F, LDF (RLIN)
a 7
b cbc
c orignew
d u
e ncip
f 19
g y-genmicro
942 ## - ADDED ENTRY ELEMENTS (KOHA)
Source of classification or shelving scheme
Koha item type Book
Holdings
Withdrawn status Lost status Source of classification or shelving scheme Damaged status Not for loan Permanent Location Current Location Shelving location Date acquired Total Checkouts Total Renewals Full call number Barcode Date last seen Date last checked out Price effective from Koha item type
          Central Library (CL) Central Library (CL) Travels 06/19/2022 1 2 916.0421 IBN CL3373 09/11/2025 05/31/2025 06/19/2022 Book
© 2023 Central Library, National University of Sciences and Technology. All Rights Reserved.